000 01251cam a22001694a 4500
005 20250605164344.0
008 250528s ||||||||||||||||||||||||d
035 _a23772
040 _aGR-AtMCL
_bgre
_dGR-AtMCL
_eAACR2
245 1 _aAnalysis, Evaluation, Security Challenges and Improvements of OSPFv2 Routing Protocol and OSPF's IPv6 Version, OSPFv3
300 _a23
520 _aIntroduction, OSPF Overview, Routing Hierarchy in OSPF, Basic Implementation Requirements, LSA's, Dijkstra Algorithm, Security Strengths in OSPF, Security Weak Points in OSPF, External Threats, Internal Threats, Basic OSPF Vulnerabilities, Damages that Can Caused by a Possible Attack on the Network, Types of Attacks in OSPF Protocol, The Ji Nao Team Attacks, Other Attacks against the OSPF Fight Back Mechanism, Two New Attacks on the OSPF Protocol, Remote False Adjacency Attack, Disguised LSA, OSPFv3, OSPFv3 Introduction, OSPFv3 Differences from OSPFv2, LSA Types for OSPFv3, Authentication and Confidentiality for OSPFv3, OSPFv3 Security Association, Management and Technical Issues with OSPFv3, OSPF Topology Authentication Lab Test, Conclusion, References.
700 1 _aKosmidis Konstantinos
_99305
942 _cDS
999 _c8709
_d8709